Catálogo
 En Linea

Figuras y alucinaciones; resurresión, momentos en el y espacio / (Registro nro. 31397)

Detalles MARC
000 -CABECERA
campo de control de longitud fija 00910nam a2200205 a 4500
001 - NÚMERO DE CONTROL
campo de control 000031906
005 - FECHA Y HORA DE LA ÚLTIMA TRANSACCIÓN
campo de control 20240305120454.0
008 - DATOS DE LONGITUD FIJA--INFORMACIÓN GENERAL
campo de control de longitud fija 110707s2008 dr 000 0 spa d
040 ## - FUENTE DE LA CATALOGACIÓN
Centro catalogador/agencia de origen DO-SdBNP
Lengua de catalogación spa
Centro/agencia transcriptor BNPHU
082 ## - NÚMERO DE LA CLASIFICACIÓN DECIMAL DEWEY
Número de clasificación xxxx
Número de documento/Ítem F477
049 ## - FONDOS LOCALES (OCLC)
Fondos de biblioteca BNPD
245 00 - MENCIÓN DE TÍTULO
Título Figuras y alucinaciones; resurresión, momentos en el y espacio /
Mención de responsabilidad, etc. Adolfo Piantini, Orlando Menicucci, Julio Natera; presentación Danilo de los Santos.
260 ## - PUBLICACIÓN, DISTRIBUCIÓN, ETC.
Lugar de publicación, distribución, etc. [Santo Domingo] :
Nombre del editor, distribuidor, etc. Casa de Teatro :
-- Grupo León Jiménes,
Fecha de publicación, distribución, etc. [2008?].
300 ## - DESCRIPCIÓN FÍSICA
Extensión 2 p. ;
Dimensiones 29 cm.
500 ## - NOTA GENERAL
Nota general Exposición de pintura presentada el lunes 3 de noviembre 2008 a las 8:30pm en la sala Paul Giudicelli en Casa de Teatro
700 12 - PUNTO DE ACCESO ADICIONAL--NOMBRE DE PERSONA
Nombre de persona Piantini, Adolfo,
Título de la obra Figuras y alucinaciones
9 (RLIN) 58093
700 12 - PUNTO DE ACCESO ADICIONAL--NOMBRE DE PERSONA
Nombre de persona Menicucci, Orlando,
Título de la obra Resurresión
9 (RLIN) 58094
700 12 - PUNTO DE ACCESO ADICIONAL--NOMBRE DE PERSONA
Nombre de persona Natera, Julio,
Título de la obra Momentos en el y espacio
9 (RLIN) 58095
700 1# - PUNTO DE ACCESO ADICIONAL--NOMBRE DE PERSONA
Nombre de persona Santos, Danilo de los,
Fechas asociadas al nombre 1943-2018
9 (RLIN) 10278
Existencias
Estado de retiro Estado de pérdida No para préstamo Código de colección Localización permanente Ubicación/localización actual Ubicación en estantería Fecha de adquisición Número de inventario Total de préstamos Signatura topográfica completa Código de barras Fecha visto por última vez Precio válido a partir de Tipo de ítem Koha
    Excluido de préstamo Patrimonio Dominicano Patrimonio Dominicano Patrimonio Dominicano En catalogación 07.07.2011 LF1   xxxx F477 31906-10 25.06.2020 25.06.2020 Libro y Folleto Colección Patrimonio Dominicano

Con tecnología Koha